LEADER 03233oam 2200613I 450 001 9910787406703321 005 20230807213807.0 010 $a1-317-45829-X 010 $a1-56324-347-4 010 $a1-317-45830-3 010 $a1-315-70025-5 024 7 $a10.4324/9781315700250 035 $a(CKB)3710000000363096 035 $a(EBL)1977470 035 $a(OCoLC)904518069 035 $a(SSID)ssj0001437517 035 $a(PQKBManifestationID)12620088 035 $a(PQKBTitleCode)TC0001437517 035 $a(PQKBWorkID)11372589 035 $a(PQKB)11359383 035 $a(MiAaPQ)EBC1977470 035 $a(OCoLC)958107368 035 $a(EXLCZ)993710000000363096 100 $a20180706e20151994 uy 0 101 0 $aeng 135 $aur|n|---||||| 181 $ctxt 182 $cc 183 $acr 200 14$aThe art of monetary policy /$fRichard V. Adams. [et al.] ; with a foreword by William E. Simon ; David C. Colander and Dewey Daane, editors 210 1$aLondon ;$aNew York :$cRoutledge,$d2015. 215 $a1 online resource (233 p.) 300 $aFirst published 1994 by M.E. Sharpe. 311 $a1-336-02359-7 311 $a1-56324-346-6 327 $a""Cover""; ""Half Title""; ""Title Page""; ""Copyright Page""; ""Dedication""; ""Table of Contents""; ""Foreword""; ""Acknowledgments""; ""Introduction: The Art of Monetary Policy""; ""Part I. General Issues""; ""1 The Human Factor and the Fed""; ""2 Change and the Art of Monetary Policy""; ""3 The Limitations of Monetary Policy""; ""4 A Primer on the U.S. Banking Situation""; ""5 Outlook for the Banking and Financial System: The Year 2000""; ""Part II. Real-World Policy""; ""6 The Fed: Reconciling Autonomy and Democracy""; ""7 Monetary Policy as Viewed by a Money Market Participant"" 327 $a""8 A Monetarista???s Confession""""Part III. Operational Details""; ""9 The Implementation of Monetary Policy""; ""10 Debt Management""; ""11 The Federal Open Market Committee in Action""; ""Part IV. International Monetary Issues""; ""12 The Globalization of World Financial Markets""; ""13 A Tradera???s View of the Foreign Exchange Market""; ""14 Monetary and Exchange Rate Policy Implementation""; ""15 Fixed Versus Fluctuating Exchange Rates""; ""16 International Coordination of National Economic Policies""; ""Index""; ""About the Contributors"" 330 $aOffering an introduction to the Japanese political system, this book covers the end of the Koizumi era, the brief and troubled premiership of Abe, and the selection of Fukuda as prime minister. It includes material on ""bubble"" and ""post-bubble"" economic developments, as well as coverage of health care policy. 606 $aMonetary policy$zUnited States 606 $aMonetary policy 615 0$aMonetary policy 615 0$aMonetary policy. 676 $a332.4/973 676 $a332.4973 700 $aAdams$b Richard V.$0248037 701 $aColander$b David C$0124935 701 $aDaane$b J. Dewey$g(James Dewey),$f1918-$01521411 801 0$bMiAaPQ 801 1$bMiAaPQ 801 2$bMiAaPQ 906 $aBOOK 912 $a9910787406703321 996 $aThe art of monetary policy$93760540 997 $aUNINA LEADER 01019nam0-2200289 --450 001 9910889872303321 005 20241023172456.0 100 $a20241023d1940----kmuy0itay5050 ba 101 0 $aita 102 $aIT 105 $a 001yy 200 1 $a<>cotonicoltura nel Congo belga$e(relazione di una missione di studio compiuta nel 1938 39)$fprefazione di Armando Maugini 210 $aFirenze$cR. Ist. agronomico per l'Africa Italiana [Tip. G. Ramella e C.]$d1940 215 $aIX, 157 p.$c[4] carte geog. ripiegate$d25 cm 225 1 $aRelazioni e monografie agrario coloniali$v63 610 0 $aCotonicoltura$aCongo$a1938-1939 676 $a677.21$v23$zita 700 1$aCappelletti,$bFausto$01768285 701 1$aCerrina Feroni,$bFrancesco$01768286 702 1$aMaugini,$bArmando 801 0$aIT$bUNINA$gREICAT$2UNIMARC 901 $aBK 912 $a9910889872303321 952 $aA AGR 1531$b14213/2024$fFAGBC 959 $aFAGBC 996 $aCotonicoltura nel Congo belga$94224121 997 $aUNINA